De la détention préventive et de la célérité dans les procédures criminelles en France et en Angleterre / (Registro nro. 144826)
[ vista simple ]
| 000 -LEADER | |
|---|---|
| campo de control de longitud fija | 01007nam a2200193 i 4500 |
| 001 - NÚMERO DE CONTROL | |
| campo de control | 144826 |
| 003 - IDENTIFICADOR DE NÚMERO DE CONTROL | |
| campo de control | ES-MaACL |
| 005 - FECHA Y HORA DE LA ÚLTIMA TRANSACCIÓN | |
| campo de control | 20240710145234.0 |
| 007 - CAMPO FIJO DE DESCRIPCIÓN FÍSICA--INFORMACIÓN GENERAL | |
| campo de control de longitud fija | t| |
| 008 - DATOS DE LONGITUD FIJA--INFORMACIÓN GENERAL | |
| campo de control de longitud fija | 160118s1862 fr |||| | fre d |
| 100 1# - ENTRADA PRINCIPAL--NOMBRE DE PERSONA | |
| Nombre de persona | Bertrand, Ernest. |
| 9 (RLIN) | 158507 |
| 245 10 - MENCIÓN DEL TÍTULO | |
| Título | De la détention préventive et de la célérité dans les procédures criminelles en France et en Angleterre / |
| Mención de responsabilidad, etc. | par M. Ernest Bertrand. |
| 260 ## - PUBLICACIÓN, DISTRIBUCIÓN, ETC. | |
| Lugar de publicación, distribución, etc. | Paris : |
| Nombre del editor, distribuidor, etc. | Cosse et Marchal, |
| Fecha de publicación, distribución, etc. | 1862. |
| 300 ## - DESCRIPCIÓN FÍSICA | |
| Extensión | VI, 102 p. ; |
| Dimensiones | 25 cm. |
| 650 #4 - PUNTO DE ACCESO ADICIONAL DE MATERIA--TÉRMINO DE MATERIA | |
| Término de materia o nombre geográfico como elemento de entrada | Prisión provisional. |
| 9 (RLIN) | 143328 |
| 852 ## - LOCALIZACIÓN | |
| Ubicación | ES-MaACL |
| Número de control de estantería | D-84(4) |
| Nota libre | .- Donativo Lastres |
| -- | - Encuadernado en vol. facticio, en el lomo: Folletos, Estudios penitenciarios, 10 |
| itemnumber | 150058 |
| Sublocalización o colección | R.FOLL.4/4 |
| Ubicación en estantería | Sala Valle Inclán |
| Signatura antigua | Olim: 193-C-10 |
| Marcas de propiedad | Sello en tinta en portada: "Donativo del Sr. Lastres al Ateneo de Madrid 1907" |
| Anotaciones manuscritas | Anotación manuscrita en portada: "Folletos penitenciarios. Tomo 10" |
| Donativo/Legado | Donación: Francisco Lastres y Juiz |
| Encuadernación | Encuadernado con otras obras formando un volumen facticio |
| 942 ## - ELEMENTOS DE ENTRADA SECUNDARIOS (KOHA) | |
| Fuente del sistema de clasificación o colocación | Clasificación decimal universal |
| Estatus retirado | Estado de pérdida | Fuente del sistema de clasificación o colocación | Estado de daño | No para préstamo | Colección | Biblioteca de origen | Biblioteca actual | Ubicación en estantería | Fecha de adquisición | Fuente de adquisición | Total de préstamos | Signatura topográfica completa | Código de barras | Visto por última vez | Precio de reemplazo | Tipo de ítem Koha |
|---|---|---|---|---|---|---|---|---|---|---|---|---|---|---|---|---|
| Clasificación decimal universal | Libros del s. XIX | Biblioteca del Ateneo de Madrid | Biblioteca del Ateneo de Madrid | Sala Valle Inclán | 18/01/2016 | Donación | D-84(4) | 901194607 | 23/02/2023 | 23/02/2023 | Libro impreso antiguo |
